| 000 | 01450nam a22002657a 4500 | ||
|---|---|---|---|
| 999 |
_c57834 _d57834 |
||
| 003 | Ge_BSU | ||
| 005 | 20210223124742.0 | ||
| 008 | 210223s2009 ge ||||| |||| 00| 0 geo d | ||
| 020 | _a9789941013850 | ||
| 041 | _ageo | ||
| 080 | _a32.01 ჟ-62 | ||
| 100 |
_aჟერსტლე, ჟაკ. _910196 |
||
| 245 |
_aპოლიტიკური კომუნიკაცია / _c ჟაკ ჟერსტლე ; [ფრანგ. თარგმნა ნ. ცქიტიშვილმა ; სამეცნ. რედ. მალხაზ მაცაბერიძე]. პოლიტოლოგიის ინ-ტი. |
||
| 264 |
_aთბ. : _b [საგამომც.-ანალიტ. ცენტრი "ახალი აზრი"], _c2009. |
||
| 300 |
_a320გვ. : _bცხრ. ; _c20სმ. |
||
| 504 | _a ბიბლიოგრ.: გვ. 292-312. | ||
| 653 | _a პოლიტოლოგია | ||
| 653 | _a სოციალური პოლიტიკა | ||
| 653 | _aსოციალური კომუნიკაცია | ||
| 653 | _aპოლიტიკური კომუნიკაცია | ||
| 700 |
_a ცქიტიშვილი, ნ. _eმთარგმნელი _910197 |
||
| 700 |
_aმაცაბერიძე, მალხაზ _eრედაქტორი _91009 |
||
| 710 |
_aპოლიტოლოგიის ინ-ტი _9769 |
||
| 942 |
_2udc _cBK |
||